Fragmentos renacentistas. Teatro urbano : (Record no. 73909)
[ view plain ]
| 000 -LEADER | |
|---|---|
| campo de control de longitud fija | 00533nmm a2200169Ia 4500 |
| 008 - DATOS DE LONGITUD FIJA--INFORMACIÓN GENERAL | |
| campo de control de longitud fija | 251105s9999||||xx |||||||||||||||||und|| |
| 020 ## - NÚMERO INTERNACIONAL ESTÁNDAR DEL LIBRO | |
| Número Internacional Estándar del Libro | 8489694249 |
| 041 ## - CÓDIGO DE IDIOMA | |
| Código de lengua del texto/banda sonora o título independiente | spa |
| 100 ## - ENTRADA PRINCIPAL--NOMBRE DE PERSONA | |
| Nombre de persona | Franco Taboada, Arturo |
| 245 #0 - MENCIÓN DEL TÍTULO | |
| Título | Fragmentos renacentistas. Teatro urbano : |
| Resto del título | Dos ensayos gráficos |
| 264 ## - PRODUCCIÓN, PUBLICACIÓN, DISTRIBUCIÓN, FABRICACIÓN Y COPYRIGHT | |
| Producción, publicación, distribución, fabricación y copyright | [Madrid, España] : |
| Nombre del de productor, editor, distribuidor, fabricante | Universidade da Coruña, |
| Fecha de producción, publicación, distribución, fabricación o copyright | 1997 |
| 300 ## - DESCRIPCIÓN FÍSICA | |
| Extensión | 132 páginas |
| 490 ## - MENCIÓN DE SERIE | |
| Mención de serie | Cursos, congresos e simposios |
| 650 ## - PUNTO DE ACCESO ADICIONAL DE MATERIA--TÉRMINO DE MATERIA | |
| Término de materia o nombre geográfico como elemento de entrada | Theater / Drama |
| 856 ## - LOCALIZACIÓN Y ACCESO ELECTRÓNICOS | |
| Identificador Uniforme de Recursos | <a href="https://public.digitaliapublishing.com/a/1109">https://public.digitaliapublishing.com/a/1109</a> |
| 942 ## - ELEMENTOS DE ENTRADA SECUNDARIOS (KOHA) | |
| Tipo de ítem Koha | Libro Digital |
No items available.